[Event "ch-FRA Blitz Online Qual"]
[Site "Europe-Chess INT"]
[Date "2020.05.16"]
[Round "7"]
[White "Perolini, Cedric"]
[Black "Sobry, Sebastien"]
[Result "0-1"]
[WhiteElo "1706"]
[BlackElo "2034"]
[WhiteFideId "20692773"]
[BlackFideId "622516"]
[EventDate "2020.05.16"]

1. e4 c5 2. d4 cxd4 3. Nf3 e6 4. Nxd4 a6 5. c4 Qc7 6. Nc3 Nf6 7. Bg5 Be7 8. Bd3
d6 9. O-O O-O 10. f4 Nbd7 11. Qf3 Qc5 12. Qf2 Ng4 13. Nxe6 Qxf2+ 14. Rxf2 Bxg5
15. Nxf8 Nxf2 16. Kxf2 Bxf4 17. Nxd7 Bxd7 18. Nd5 Be5 19. Rb1 Rc8 20. Nb6 Bd4+
21. Kf3 Bxb6 22. b4 Be6 23. Rc1 Bd8 24. a4 Be7 25. Ke3 Bg5+ 0-1

[Event "ch-FRA Blitz Online Qual"]
[Site "Europe-Chess INT"]
[Date "2020.05.16"]
[Round "7"]
[White "Azizyan, Rafayel"]
[Black "Lauron, Wesley"]
[Result "0-1"]
[WhiteElo "1667"]
[BlackElo "1878"]
[WhiteFideId "651016931"]
[BlackFideId "36012769"]
[EventDate "2020.05.16"]

1. e4 e5 2. Nf3 Nc6 3. d4 exd4 4. Nxd4 Nf6 5. Nxc6 bxc6 6. e5 Qe7 7. Qe2 Nd5 8.
c4 Nb6 9. b3 g6 10. Bb2 Bg7 11. g3 O-O 12. Bg2 Re8 13. f4 Bb7 14. O-O d6 15. Nd2
dxe5 16. fxe5 Bxe5 17. Bxe5 Qxe5 18. Qxe5 Rxe5 19. Rae1 Rae8 20. Rxe5 Rxe5 21.
Kf2 Nd7 22. Re1 Rxe1 23. Kxe1 Ne5 24. Ke2 Kf8 25. Ke3 Ke7 26. h3 Ke6 27. Ne4 Nd7
28. Ng5+ Kf5 29. Nxh7 Nc5 30. h4 f6 31. Be4+ Nxe4 32. g4+ Ke5 33. h5 gxh5 34.
gxh5 Bc8 35. Nf8 Bf5 36. Ng6+ Bxg6 37. hxg6 Nd6 38. c5 Nf5+ 39. Kd3 Ng7 40. b4
Kf5 41. a4 Kxg6 42. b5 cxb5 43. axb5 Ne6 44. Kc4 f5 45. Kd5 f4 46. Kxe6 f3 47.
Kd7 f2 48. Kxc7 f1=Q 49. c6 Qxb5 50. Kd6 a5 51. c7 Qb6+ 52. Kd7 Qxc7+ 53. Kxc7
a4 0-1

[Event "ch-FRA Blitz Online Qual"]
[Site "Europe-Chess INT"]
[Date "2020.05.16"]
[Round "7"]
[White "Bourgeois, Florian"]
[Black "Ibrouchene, Christophe"]
[Result "0-1"]
[WhiteElo "2033"]
[BlackElo "1797"]
[WhiteFideId "690660"]
[BlackFideId "45110786"]
[EventDate "2020.05.16"]

1. e4 d5 2. exd5 Nf6 3. Nc3 Bg4 4. Be2 Bxe2 5. Ngxe2 Nxd5 6. d4 c6 7. Be3 e6 8.
O-O Nd7 9. Qd2 Bd6 10. Ne4 Bc7 11. c4 N5f6 12. N2c3 Nxe4 13. Nxe4 Nf6 14. Bg5
Nxe4 15. Bxd8 Nxd2 16. Bxc7 Nxf1 17. Kxf1 Kd7 18. Be5 f6 19. Bf4 Rhe8 20. Re1
Rad8 21. c5 b6 22. b4 b5 23. Bd6 Ra8 24. Re3 a5 25. a3 axb4 26. axb4 Ra4 27. Rg3
g6 28. Rh3 Rh8 29. Rb3 h5 30. Ke2 g5 31. Ke3 f5 32. Be5 Rha8 33. f4 g4 34. h3
Ra3 35. Rxa3 Rxa3+ 36. Kf2 Rb3 37. hxg4 hxg4 38. g3 Rxb4 39. d5 cxd5 40. Bd6 Rb3
41. Kg2 Kc6 42. Bf8 b4 43. Bd6 Re3 44. Be5 b3 45. Bb2 Re2+ 46. Kg1 Rxb2 47. Kf1
Rc2 48. Kg1 b2 49. Kf1 b1=Q# 0-1

[Event "ch-FRA Blitz Online Qual"]
[Site "Europe-Chess INT"]
[Date "2020.05.16"]
[Round "7"]
[White "El Baroudi Abderrahmane"]
[Black "Verspecht, Thierry"]
[Result "0-1"]
[WhiteElo "1599"]
[BlackElo "2033"]
[WhiteFideId "9005382"]
[BlackFideId "202010"]
[EventDate "2020.05.16"]

1. e4 c5 2. Nc3 d6 3. f4 g6 4. Nf3 Bg7 5. Bb5+ Bd7 6. Bxd7+ Qxd7 7. O-O Nc6 8.
d3 Nf6 9. Qe1 O-O 10. f5 Nd4 11. Nxd4 cxd4 12. Ne2 Ng4 13. Qh4 Ne3 14. Bxe3 dxe3
15. Ng3 Bxb2 16. Rab1 Bf6 17. Qf4 Rac8 18. Qxe3 Rxc2 19. Qxa7 Rc7 20. fxg6 hxg6
21. Nf5 gxf5 22. Rxf5 Rc5 23. Rxc5 dxc5 24. Qa3 Qd4+ 25. Kh1 Rd8 26. Rd1 Qxe4
27. Qxc5 Rxd3 28. Rxd3 Qxd3 29. Qc8+ Kg7 30. Qg4+ Qg6 31. Qxg6+ Kxg6 32. Kg1 Bc3
33. Kf2 b5 34. Ke3 b4 35. Kf4 e5+ 36. Kf3 f5 37. g4 f4 38. h4 Bd2 39. Ke4 Bc3
40. Kf3 Be1 41. Ke4 Bxh4 42. Kxe5 f3 43. Kd4 f2 44. Kc4 Be7 0-1

[Event "ch-FRA Blitz Online Qual"]
[Site "Europe-Chess INT"]
[Date "2020.05.16"]
[Round "7"]
[White "Poulet, Benoit"]
[Black "Rapaire, Jean-Michel"]
[Result "1-0"]
[WhiteElo "2094"]
[BlackElo "1742"]
[WhiteFideId "26085844"]
[BlackFideId "5400023"]
[EventDate "2020.05.16"]

1. d4 d5 2. Nc3 Nf6 3. Bf4 c6 4. e3 Bf5 5. Nf3 e6 6. Ne5 Be7 7. g4 Bg6 8. h4 h6
9. Nxg6 fxg6 10. Bd3 Kf7 11. Qf3 Nbd7 12. O-O-O Nf8 13. Be5 Ke8 14. g5 hxg5 15.
hxg5 Rxh1 16. Rxh1 Ne4 17. Bxe4 dxe4 18. Nxe4 Kd7 19. Nc5+ Kc8 20. Rh8 1-0

[Event "ch-FRA Blitz Online Qual"]
[Site "Europe-Chess INT"]
[Date "2020.05.16"]
[Round "7"]
[White "Bregnac, Tristan"]
[Black "Hadida, Simon"]
[Result "1-0"]
[WhiteElo "2047"]
[BlackElo "1900"]
[WhiteFideId "36017825"]
[BlackFideId "45132925"]
[EventDate "2020.05.16"]

1. e4 c5 2. Nf3 Nc6 3. d4 cxd4 4. Nxd4 e5 5. Nb5 d6 6. N1c3 a6 7. Na3 b5 8. Nd5
Nf6 9. Bg5 Be7 10. Bxf6 Bxf6 11. c3 O-O 12. Nc2 Bg5 13. a4 bxa4 14. Rxa4 a5 15.
Bc4 Ne7 16. O-O Be6 17. Nce3 Bxe3 18. Nxe3 Qc7 19. Bxe6 fxe6 20. Qg4 Rf6 21. Rd1
Qc6 22. Ra3 d5 23. exd5 exd5 24. Qe2 Rd6 25. Ng4 e4 26. Ne3 Rg6 27. Qh5 Rd6 28.
Nc2 Ng6 29. Nd4 Qd7 30. Qf5 Qxf5 31. Nxf5 Rd7 32. Ra4 Kf7 33. Ne3 Ke6 34. g3 Ne5
35. Nc2 Nc4 36. Nd4+ Ke5 37. Ra2 Rb7 38. b3 Nd6 39. Rxa5 Rxa5 40. Nc6+ Ke6 41.
Nxa5 Ra7 42. Nc6 Ra3 43. Kg2 g6 44. Nd4+ Ke5 45. h4 Ra2 46. Nc6+ Ke6 47. Nb4 Rb2
48. Nxd5 Rxb3 49. Nf4+ Ke5 50. Rd5+ Kf6 51. Rxd6+ Kf7 52. Rc6 Rb2 53. Rc7+ Kf6
54. Kf1 Rc2 55. c4 h6 56. c5 g5 57. Nd5+ Ke5 58. Ne3 Rc3 59. hxg5 hxg5 60. Re7+
Kf6 61. Nd5+ 1-0

[Event "ch-FRA Blitz Online Qual"]
[Site "Europe-Chess INT"]
[Date "2020.05.16"]
[Round "7"]
[White "Bailly, Thierry"]
[Black "Mecili, Nabil"]
[Result "1-0"]
[WhiteElo "1989"]
[BlackElo "1688"]
[WhiteFideId "26051680"]
[BlackFideId "618420"]
[EventDate "2020.05.16"]

1. e4 d6 2. Nf3 Nf6 3. Nc3 g6 4. d4 Bg7 5. Bd3 O-O 6. O-O c6 7. Re1 b5 8. a3 a5
9. h3 Na6 10. Bf4 b4 11. axb4 Nxb4 12. Qd2 c5 13. e5 dxe5 14. dxe5 Nh5 15. Be3
c4 16. Be4 Qxd2 17. Bxd2 Rb8 18. g4 f5 19. exf6 Nxf6 20. Bf4 Rb6 21. Bc7 Nxe4
22. Rxe4 Rc6 23. Bxa5 Nxc2 24. Rc1 Rxf3 25. Rxc2 Bxc3 26. Bxc3 e6 27. Rd2 Kf7
28. Rd8 Rxh3 29. Kg2 Rxc3 30. bxc3 Ke7 31. Rh8 Bd7 32. Rxh7+ Kd6 33. Rd4+ Ke5
34. Rhxd7 Ra6 35. f4+ Kf6 36. g5+ Kf5 37. Kf3 Ra3 38. Rf7# 1-0

[Event "ch-FRA Blitz Online Qual"]
[Site "Europe-Chess INT"]
[Date "2020.05.16"]
[Round "7"]
[White "Villeneuve, Robin"]
[Black "Suez-Panama, Gilles"]
[Result "0-1"]
[WhiteElo "1662"]
[BlackElo "1943"]
[WhiteFideId "45100608"]
[BlackFideId "620165"]
[EventDate "2020.05.16"]

1. e4 e6 2. d4 d5 3. Nd2 Nc6 4. c3 e5 5. Ngf3 exd4 6. cxd4 dxe4 7. Nxe4 Bg4 8.
Bb5 Bb4+ 9. Bd2 Bxf3 10. Qxf3 Qxd4 11. O-O-O Ne7 12. Bg5 Qb6 13. Bxe7 Bxe7 14.
Nc3 O-O 15. Rhe1 Bf6 16. Bxc6 bxc6 17. g4 Rab8 18. Re2 Qb4 19. Rd3 a5 20. a3 Qc5
21. Kb1 Rb3 22. Ne4 Rxd3 23. Qxd3 Qe5 24. Nxf6+ Qxf6 25. Re3 Qxf2 26. Rg3 Qe1+
27. Ka2 Qf2 28. Rf3 Qxh2 29. Qc3 Qh4 30. Qxc6 Qxg4 31. Rc3 Qg6 32. Qxc7 Qe6+ 33.
Kb1 h5 34. Qxa5 Qe1+ 35. Ka2 g6 36. Qg5 Qe6+ 37. Kb1 Kg7 38. Qg2 Rd8 39. Rc6
Qe1+ 40. Ka2 Qe5 41. Qf3 Qd5+ 42. Qxd5 Rxd5 43. Rc3 h4 44. b4 g5 45. a4 g4 46.
b5 Rd4 47. Kb3 g3 48. b6 Rd7 49. Rc7 Rd6 50. b7 Rb6+ 51. Kc3 g2 52. a5 Rb1 53.
a6 g1=Q 54. a7 Qc1+ 55. Kd4 Qd2+ 56. Ke5 Re1+ 57. Kf5 Qf2+ 58. Kg4 Rg1+ 59. Kh5
Qf5+ 60. Kxh4 Qg4# 0-1

[Event "ch-FRA Blitz Online Qual"]
[Site "Europe-Chess INT"]
[Date "2020.05.16"]
[Round "7"]
[White "Ferey, Antonin"]
[Black "Rajaobelina, Hery"]
[Result "1-0"]
[WhiteElo "2138"]
[BlackElo "1592"]
[WhiteFideId "36051454"]
[BlackFideId "36054836"]
[EventDate "2020.05.16"]

1. d4 Nf6 2. c4 g6 3. Nc3 Bg7 4. e4 d6 5. Nf3 O-O 6. Be2 e5 7. O-O Nc6 8. d5 Ne7
9. b4 Nh5 10. g3 f5 11. Ng5 Nf6 12. Bf3 c6 13. Bg2 Kh8 14. b5 c5 15. a4 h6 16.
Ne6 Bxe6 17. dxe6 Qc7 18. Nd5 Qd8 19. Bb2 Nxe4 20. Bxe4 fxe4 21. Qe2 Nxd5 22.
cxd5 Qe7 23. Qxe4 Kh7 24. Rae1 Rf5 25. Bc1 Raf8 26. f3 1-0

[Event "ch-FRA Blitz Online Qual"]
[Site "Europe-Chess INT"]
[Date "2020.05.16"]
[Round "7"]
[White "Maugin, Narada"]
[Black "Mezouaghi, Miloud"]
[Result "1-0"]
[WhiteElo "1947"]
[BlackElo "1999"]
[WhiteFideId "45165025"]
[BlackFideId "612634"]
[EventDate "2020.05.16"]

1. c4 Nf6 2. Nc3 g6 3. g3 Bg7 4. Bg2 d6 5. Nf3 O-O 6. d4 Nbd7 7. O-O e5 8. e4
Re8 9. Re1 c6 10. h3 Qc7 11. Be3 a5 12. Qb3 exd4 13. Nxd4 Nc5 14. Qc2 Bd7 15.
Rad1 Rad8 16. Nb3 b6 17. Bf4 Bc8 18. Nxc5 bxc5 19. Qa4 Nh5 20. Bg5 f6 21. Be3 f5
22. Bg5 Bf6 23. Bxf6 Nxf6 24. exf5 Rxe1+ 25. Rxe1 Bxf5 26. Qxc6 Qxc6 27. Bxc6
Bxh3 28. Re7 Bd7 29. Bxd7 Rxd7 30. Rxd7 Nxd7 31. Ne4 Ne5 32. Nxd6 1-0

[Event "ch-FRA Blitz Online Qual"]
[Site "Europe-Chess INT"]
[Date "2020.05.16"]
[Round "7"]
[White "Bellaiche, Elise"]
[Black "Genot, Jean-Paul"]
[Result "1-0"]
[WhiteTitle "WFM"]
[WhiteElo "2036"]
[BlackElo "1673"]
[WhiteFideId "696366"]
[BlackFideId "45150940"]
[EventDate "2020.05.16"]

1. e4 c5 2. g3 g6 3. Bg2 Bg7 4. Ne2 Nc6 5. O-O e5 6. d3 Nge7 7. Nbc3 O-O 8. f4
d6 9. Be3 Kh8 10. Qd2 Nd4 11. fxe5 dxe5 12. Bh6 Be6 13. Bxg7+ Kxg7 14. Rf2 f5
15. Re1 b5 16. exf5 Nexf5 17. Nxd4 cxd4 18. Bxa8 Qxa8 19. Nxb5 Ne3 20. Rxf8 Kxf8
21. Rxe3 dxe3 22. Qxe3 Bh3 23. Qh6+ 1-0

[Event "ch-FRA Blitz Online Qual"]
[Site "Europe-Chess INT"]
[Date "2020.05.16"]
[Round "7"]
[White "Ritzenthaler, Stephane"]
[Black "Carme, Jeremie"]
[Result "0-1"]
[WhiteElo "1988"]
[BlackElo "1659"]
[WhiteFideId "638080"]
[BlackFideId "45184593"]
[EventDate "2020.05.16"]

1. e4 c5 2. Nc3 Nc6 3. f4 e6 4. Nf3 d5 5. Bb5 dxe4 6. Bxc6+ bxc6 7. Nxe4 Nf6 8.
Nxf6+ Qxf6 9. d3 Ba6 10. O-O Bd6 11. Ng5 h6 12. Ne4 Qd4+ 13. Kh1 Be7 14. Rb1 Rd8
15. Bd2 Qd5 16. Qg4 Rg8 17. f5 exf5 18. Rxf5 Qe6 19. Qf3 Rf8 20. Re1 Qg6 21. Ng3
Rd7 22. Be3 Kd8 23. Bf4 c4 24. Ra5 Bb5 25. a4 cxd3 26. axb5 dxc2 27. bxc6 Rd3
28. c7+ Kc8 29. Qe2 Bd6 30. Qe8+ Rxe8 31. Rxe8+ Kxc7 32. Rxa7+ Kc6 33. Rc8+ Kd5
34. Ra5+ Ke6 35. Re8+ Kd7 36. Re1 Rd1 37. Ra1 Rxe1+ 38. Rxe1 Bxf4 39. Ne4 c1=Q
40. Rxc1 Bxc1 41. Nc5+ Kc6 42. b4 Qb1 43. h3 Bf4# 0-1

[Event "ch-FRA Blitz Online Qual"]
[Site "Europe-Chess INT"]
[Date "2020.05.16"]
[Round "7"]
[White "Le Brech, Cyril"]
[Black "Tulliez, Andre"]
[Result "1-0"]
[WhiteElo "1986"]
[BlackElo "1777"]
[WhiteFideId "20675186"]
[BlackFideId "45107181"]
[EventDate "2020.05.16"]

1. e4 c5 2. d4 cxd4 3. c3 Nf6 4. e5 Nd5 5. cxd4 d6 6. exd6 Qxd6 7. Nc3 e6 8. Nf3
Be7 9. Bd3 O-O 10. O-O h6 11. Re1 a6 12. Ne5 Nc6 13. Ne4 Qc7 14. Nxc6 Qxc6 15.
Qf3 Nb4 16. Bb1 f5 17. Nd2 Qxf3 18. Nxf3 Bf6 19. a3 Nc6 20. Ba2 Rd8 21. Be3 Ne7
22. Rad1 Nd5 23. g3 b5 24. Ne5 Bxe5 25. dxe5 Bb7 26. Bc5 Rac8 27. b4 Nc3 28.
Bxe6+ Kh7 29. Rxd8 Rxd8 30. Bxf5+ g6 31. Bh3 Re8 32. Bg2 Bxg2 33. Kxg2 Nd5 34.
f4 g5 35. f5 Kg7 36. e6 Kf6 37. g4 h5 38. Bd4+ Ke7 39. h3 hxg4 40. hxg4 Rc8 41.
Bc5+ Kf6 42. e7 Kf7 43. Re6 Nf4+ 44. Kf3 Nxe6 45. fxe6+ Kxe6 46. Ke4 Kf7 47. Kf5
Rg8 48. Ke5 Rg6 49. Kd5 Re6 50. Bd6 Re1 51. Kc5 Rc1+ 52. Kb6 Rd1 53. Kc7 Ke8 54.
Bc5 Rg1 55. Kb6 Rxg4 56. Kxa6 Rg3 57. Kxb5 Rxa3 58. Kc6 g4 59. b5 g3 60. Bxa3 g2
61. Bc5 Kf7 62. Kd7 Kf6 63. e8=Q g1=Q 64. Bxg1 1-0

[Event "ch-FRA Blitz Online Qual"]
[Site "Europe-Chess INT"]
[Date "2020.05.16"]
[Round "7"]
[White "Vieira, William"]
[Black "Henry, Tony"]
[Result "1-0"]
[WhiteElo "1593"]
[BlackElo "1979"]
[WhiteFideId "20661193"]
[BlackFideId "622427"]
[EventDate "2020.05.16"]

1. e4 c5 2. c3 Nf6 3. e5 Nd5 4. Nf3 Nc6 5. Bc4 Nb6 6. Bb3 d5 7. exd6 Qxd6 8. O-O
Bf5 9. d4 c4 10. Bc2 Bg6 11. Na3 e6 12. Re1 Be7 13. Ne5 Nxe5 14. Rxe5 Bf6 15.
Ba4+ Ke7 16. Re1 Rhd8 17. Bc2 Rac8 18. g3 Kf8 19. Bxg6 hxg6 20. Bf4 Qc6 21. Nc2
Ke7 22. Nb4 Qb5 23. a4 Qf5 24. a5 g5 25. Be3 Nd5 26. Nxd5+ Rxd5 27. a6 b6 28.
Kg2 Rh8 29. g4 Qg6 30. Qf3 Rd7 31. h3 Rh4 32. Rh1 Rh8 33. Rad1 Rhd8 34. Rhe1 Qc2
35. Bc1 Qa4 36. d5 Qxa6 37. dxe6 fxe6 38. Rxd7+ Rxd7 39. Qe4 b5 40. Qg6 Qc6+ 41.
Kg1 Qf3 42. Bxg5 Qxh3 43. Bxf6+ gxf6 44. Qg7+ Kd6 45. Qf8+ Kc6 46. Qc8+ Kb6 47.
Rxe6+ Ka5 48. Qa6# 1-0

[Event "ch-FRA Blitz Online Qual"]
[Site "Europe-Chess INT"]
[Date "2020.05.16"]
[Round "7"]
[White "Le Pen, Steven"]
[Black "Buffin, Jean"]
[Result "1-0"]
[WhiteElo "2141"]
[BlackElo "1711"]
[WhiteFideId "612197"]
[BlackFideId "20699751"]
[EventDate "2020.05.16"]

1. e4 e5 2. Nf3 Nc6 3. Bb5 a6 4. Ba4 Nf6 5. O-O Be7 6. Re1 b5 7. Bb3 d6 8. c3
O-O 9. h3 Nb8 10. d4 Nbd7 11. Nbd2 Bb7 12. Bc2 Re8 13. Nf1 Bf8 14. Ng3 g6 15. a4
Bg7 16. d5 Nb6 17. a5 Nbd7 18. b4 c6 19. dxc6 Bxc6 20. Qxd6 Rc8 21. Be3 Bb7 22.
Qd3 Qc7 23. Bd2 Rcd8 24. Bb3 Nc5 25. Qb1 Nxb3 26. Qxb3 Rd3 27. Qc2 Red8 28. Rac1
Bc8 29. Re3 Rxe3 30. Bxe3 Bb7 31. c4 bxc4 32. Bb6 Qc8 33. Bxd8 Qxd8 34. Qxc4 Qe7
35. Qc7 Qxc7 36. Rxc7 Bxe4 37. Nxe5 Bd5 38. Rc8+ Bf8 39. Ne2 Kg7 40. Nd3 Be6 41.
Rc6 Bd5 42. Rc1 Be6 43. Nc3 Bd7 44. Nc5 Bb5 45. Nxb5 axb5 46. a6 Nd5 47. a7 Nb6
48. Nd7 Na8 49. Nxf8 Kxf8 50. Rc8+ 1-0

[Event "ch-FRA Blitz Online Qual"]
[Site "Europe-Chess INT"]
[Date "2020.05.16"]
[Round "7"]
[White "Cornileau, Juliette"]
[Black "Cuttoli, Alexandre"]
[Result "0-1"]
[WhiteElo "1872"]
[BlackElo "2044"]
[WhiteFideId "36083372"]
[BlackFideId "36007293"]
[EventDate "2020.05.16"]

1. d4 Nf6 2. c4 g6 3. Nc3 Bg7 4. e4 d6 5. Nf3 O-O 6. Be2 Bg4 7. O-O Nc6 8. h3
Bxf3 9. Bxf3 e5 10. Be3 exd4 11. Bxd4 Nxd4 12. Qxd4 Re8 13. Qd3 Nd7 14. Be2 Nc5
15. Qd2 Bxc3 16. Qxc3 Nxe4 17. Qc2 Qf6 18. Bf3 Nc5 19. b4 Ne6 20. Qa4 c6 21. b5
Nd4 22. Bg4 h5 23. Bd7 cxb5 24. Bxb5 Red8 25. Rfd1 a6 26. Bd7 Rab8 27. c5 dxc5
28. Rac1 b5 29. Qxa6 Qxa6 0-1

[Event "ch-FRA Blitz Online Qual"]
[Site "Europe-Chess INT"]
[Date "2020.05.16"]
[Round "7"]
[White "Zienkiewicz, Alexandre"]
[Black "Druon, Thibault"]
[Result "1-0"]
[WhiteElo "2049"]
[BlackElo "1644"]
[WhiteFideId "20610327"]
[BlackFideId "45166510"]
[EventDate "2020.05.16"]

1. e4 c5 2. Nf3 d6 3. d4 cxd4 4. Nxd4 Nf6 5. Nc3 g6 6. Bg5 Bg7 7. Bb5+ Bd7 8.
Qe2 O-O 9. O-O-O a6 10. Bxd7 Qxd7 11. f4 Nc6 12. h3 Rfc8 13. Nf3 b5 14. Bxf6
Bxf6 15. Nd5 Bg7 16. Nb6 Qb7 17. Nxa8 Qxa8 18. Kb1 Nb4 19. c3 Nc6 20. e5 dxe5
21. fxe5 b4 22. cxb4 Nxb4 23. Rc1 Rb8 24. a3 Nc6 25. Rc2 Na5 26. Re1 Qd5 27. Qd2
Qb5 28. Qc3 h6 29. g4 Nb7 30. Qc4 Qb6 31. Qc7 Qb5 32. Qxb8+ 1-0

[Event "ch-FRA Blitz Online Qual"]
[Site "Europe-Chess INT"]
[Date "2020.05.16"]
[Round "7"]
[White "Suspene, Jacques"]
[Black "Labrande, Theodore"]
[Result "0-1"]
[WhiteElo "1610"]
[BlackElo "2077"]
[WhiteFideId "651023059"]
[BlackFideId "36045780"]
[EventDate "2020.05.16"]

1. e4 c5 2. c3 Nf6 3. e5 Nd5 4. d4 cxd4 5. Bc4 e6 6. cxd4 Nc6 7. Nf3 d6 8. O-O
Be7 9. Nc3 Nb6 10. Bb3 d5 11. Bc2 g5 12. Be3 h5 13. Rc1 Nc4 14. b3 Nxe3 15. fxe3
g4 16. Nd2 Bg5 17. Qe2 Qa5 18. Bb1 Qb6 19. Kh1 a6 20. Qf2 Qc7 21. e4 dxe4 22.
Ncxe4 Bxd2 23. Qxd2 Rf8 24. Nd6+ Kd8 25. Qg5+ Qe7 26. Qxh5 f5 27. Qh6 Bd7 28.
Rfd1 Kc7 29. Qe3 f4 30. Qf2 g3 31. hxg3 Rh8+ 32. Kg1 fxg3 33. Qxg3 Rag8 34. Qf3
Qh4 35. Kf1 Qh1+ 36. Ke2 Rxg2+ 37. Kd3 Rd2+ 38. Kxd2 Qxf3 39. Kc2 Rh2+ 40. Rd2
Rxd2+ 41. Kxd2 Kb8 42. Rc3 Qf2+ 43. Kc1 Nb4 44. a3 Qe1+ 45. Kb2 Qd2+ 46. Bc2 Nd5
47. Rc4 Ne3 48. Rc3 Nd1+ 49. Kb1 Nxc3+ 50. Kb2 Nd1+ 51. Kb1 Ne3 52. Bh7 Qxd4 53.
Ka2 Qd2+ 54. Kb1 Nd1 55. Ka1 Qb2# 0-1

[Event "ch-FRA Blitz Online Qual"]
[Site "Europe-Chess INT"]
[Date "2020.05.16"]
[Round "7"]
[White "Kuhn, Mathilde"]
[Black "Monnot, Leo"]
[Result "0-1"]
[WhiteElo "1764"]
[BlackElo "1964"]
[WhiteFideId "36099783"]
[BlackFideId "26093103"]
[EventDate "2020.05.16"]

1. e4 e5 2. Nf3 Nc6 3. d4 exd4 4. Bc4 Nf6 5. e5 d5 6. Bb5 Ne4 7. Nxd4 Bd7 8.
Bxc6 bxc6 9. O-O Bc5 10. Be3 O-O 11. f3 Ng5 12. f4 Ne4 13. Nd2 Nxd2 14. Qxd2 Bb6
15. c3 c5 16. Nb3 c4 17. Nd4 c5 18. Nf3 Bf5 19. Rad1 Bd3 20. Rfe1 d4 21. Bf2 Rb8
22. b3 Ba5 23. b4 dxc3 24. Qxc3 Bxb4 25. Qc1 Bxe1 26. Nxe1 Rb1 27. Qd2 c3 28.
Qxd3 Rxd1 29. Qxd8 Rfxd8 30. Kf1 c2 31. Be3 c1=Q 32. Bxc1 Rxc1 33. Ke2 Rxe1+ 34.
Kxe1 c4 35. f5 c3 36. e6 c2 37. e7 c1=Q+ 38. Kf2 Rd2+ 39. Kf3 Qc3+ 40. Kg4 Rd4+
41. Kg5 Qe3+ 42. Kh5 Qh6# 0-1

[Event "ch-FRA Blitz Online Qual"]
[Site "Europe-Chess INT"]
[Date "2020.05.16"]
[Round "7"]
[White "Boulos, Carlos"]
[Black "Senegas, Pascal"]
[Result "1-0"]
[WhiteElo "2147"]
[BlackElo "1654"]
[WhiteFideId "5302749"]
[BlackFideId "45102074"]
[EventDate "2020.05.16"]

1. e4 e5 2. Nf3 Nc6 3. Nc3 Nf6 4. Bb5 d6 5. d4 a6 6. Bxc6+ bxc6 7. dxe5 Ng4 8.
exd6 cxd6 9. O-O Be7 10. h3 Nf6 11. Bf4 O-O 12. Qd3 d5 13. exd5 cxd5 14. Rad1
Be6 15. Nd4 Bc5 16. Rfe1 Re8 17. Bg5 h6 18. Bh4 Rb8 19. b3 a5 20. Re2 Rc8 21.
Ncb5 Bxd4 22. Nxd4 g5 23. Nxe6 Rxe6 24. Rxe6 fxe6 25. Qg6+ Kh8 26. Qxh6+ Nh7 27.
Bg3 Rxc2 28. Be5+ 1-0

[Event "ch-FRA Blitz Online Qual"]
[Site "Europe-Chess INT"]
[Date "2020.05.16"]
[Round "7"]
[White "Courbi, Stephane"]
[Black "Breuil, Virgile"]
[Result "0-1"]
[WhiteElo "1955"]
[BlackElo "1622"]
[WhiteFideId "647462"]
[BlackFideId "45163693"]
[EventDate "2020.05.16"]

1. e4 e5 2. Nf3 Nc6 3. Bb5 Nge7 4. O-O g6 5. c3 Bg7 6. d4 exd4 7. cxd4 O-O 8.
Nc3 d6 9. h3 a6 10. Ba4 b5 11. Bb3 Bb7 12. Re1 Kh8 13. Be3 f5 14. exf5 Nxf5 15.
Rc1 Nce7 16. Ne2 Bxf3 17. gxf3 Nxe3 18. fxe3 Rxf3 19. Nf4 Rg3+ 20. Kh2 Nf5 21.
Rg1 Qh4 22. Qe2 Rxe3 23. Qg2 Qxf4+ 24. Kh1 Ng3+ 25. Kh2 Ne2+ 0-1

[Event "ch-FRA Blitz Online Qual"]
[Site "Europe-Chess INT"]
[Date "2020.05.16"]
[Round "7"]
[White "Douchez, Tony"]
[Black "Zanin, Dario"]
[Result "0-1"]
[WhiteElo "1630"]
[BlackElo "1918"]
[WhiteFideId "36087785"]
[BlackFideId "615919"]
[EventDate "2020.05.16"]

1. e4 e5 2. Nf3 Nc6 3. Bc4 Nf6 4. d3 Bc5 5. c3 d6 6. a4 a5 7. Nbd2 h6 8. O-O Qe7
9. Re1 Be6 10. Bxe6 Qxe6 11. Nf1 g5 12. Ng3 g4 13. Nh4 O-O-O 14. Kh1 Bxf2 15.
Rf1 Bxg3 16. hxg3 Nh5 17. Kh2 Ne7 18. Nf5 Rdg8 19. Nxh6 Rxh6 20. Bxh6 Qxh6 21.
Rxf7 Nf4+ 22. Kg1 Nfg6 23. Rf1 Qe3+ 24. Rf2 Rf8 25. Qf1 Nf4 26. Re1 Qxg3 27. d4
Rh8 28. Rxf4 exf4 29. Qf2 Rh1+ 30. Kxh1 Qxf2 31. Rb1 f3 32. Rg1 Ng6 33. g3 Qxb2
34. e5 dxe5 35. dxe5 Qxc3 36. e6 Qf6 37. Kh2 f2 38. Rf1 Ne5 39. Kh1 Qf3+ 40. Kh2
Kd8 41. e7+ Kxe7 42. Rh1 Qxh1+ 43. Kxh1 f1=Q+ 44. Kh2 Nf3# 0-1

[Event "ch-FRA Blitz Online Qual"]
[Site "Europe-Chess INT"]
[Date "2020.05.16"]
[Round "7"]
[White "Fernandez, Jose"]
[Black "Blachon, Pascal"]
[Result "0-1"]
[WhiteElo "1597"]
[BlackElo "1955"]
[WhiteFideId "26088983"]
[BlackFideId "636320"]
[EventDate "2020.05.16"]

1. e3 d5 2. d4 c6 3. Bd3 Nf6 4. Nf3 g6 5. O-O Bg7 6. c4 dxc4 7. Bxc4 O-O 8. Nc3
b5 9. Bb3 a5 10. a3 Ba6 11. Re1 Nbd7 12. e4 e5 13. dxe5 Ng4 14. e6 Nc5 15. exf7+
Kh8 16. Qxd8 Raxd8 17. h3 Nxb3 18. hxg4 Nxa1 19. Bg5 Nc2 20. Bxd8 Nxe1 21. Be7
Nxf3+ 22. gxf3 Rxf7 23. Bc5 Bxc3 24. bxc3 Rxf3 25. Kg2 Rf4 26. Bd4+ Kg8 27. e5
Kf7 28. Kg3 Re4 29. Kf3 Re1 30. Kg3 Bc8 31. f4 h5 32. gxh5 gxh5 33. Kh4 Bg4 34.
Kg5 Ke6 35. Bf2 Ra1 36. Bc5 Rc1 37. Bd4 c5 38. Bxc5 Rxc3 39. Bb6 b4 40. axb4
axb4 41. Ba5 Rc4 42. Kh4 Rxf4 0-1